000 005410000a22002050004500
003 LK-CoMWRAF
005 20230923214443.0
008 230817t ||||| |||| 00| 0 eng d
020 _a8174353135
040 _aLK-CoMWRAF
_dLK-CoMWRAF
_eLK-CoMWRAF
041 _aeng
082 _a297.19
_bNIC
100 _aNicholson, R.A.
245 _aIslamic poetry and mysticism
260 _aNew Delhi (India) :
_bAdam publications,
_c2003
300 _a292p
650 _aIslam-Poetry
650 _aPoems on Philosophy and Religion
942 _cBK
999 _c1512
_d1512